000 00837nam a2200253Ia 4500
003 OSt
005 20220923223417.0
006 a|||||r|||| 00| 0
007 ta
008 220922b |||||||| |||| 00| 0 hin d
024 _a214,961
037 _cTextual
040 _aARTS
_cARTS
_bhin
041 _2hin
_ahin
082 _aO152,3N12x, M1
100 _aविष्णु प्रभाकर
_9156271
245 0 _aधरती अब भी घूम रही है
246 _aDharatī ab bhī ghūm rahī hai
260 _aदिल्ली
_b राजपाल एण्ड संस
_c1981
300 _a171 पृ.
_ccm.
650 _aहिन्दी साहित्य
_9156264
942 _hO152,3N12x, M1
_cTEXL
_2CC
999 _c364875
_d364875